| 000 | 01203cam a2200325 a 4500 | ||
|---|---|---|---|
| 001 | 2379906 | ||
| 003 | OSt | ||
| 005 | 20140310182009.0 | ||
| 008 | 850613s1983 enka j 000 1 eng | ||
| 010 | _a 84210051 | ||
| 020 |
_a0141301104 _c£6.50 |
||
| 040 |
_aDLC _cDLC _dDLC |
||
| 042 | _alcac | ||
| 050 | 0 | 0 |
_aPZ 7 _b.D1515 1983 |
| 082 | 0 | 0 |
_aKF _bD13w 1983 |
| 100 | 1 |
_aDahl, Roald. _93827 |
|
| 245 | 1 | 4 |
_aThe witches / _cRoald Dahl ; illustrations by Quentin Blake. |
| 260 |
_aNew York _bPuffin Books _cc1983. |
||
| 300 |
_a206 p. : _bill. ; _c24 cm. |
||
| 520 | _aA young boy and his Norwegian grandmother, who is an expert on witches, together foil a witches' plot to destroy the world's children by turning them into mice. | ||
| 541 | _j1 | ||
| 562 | _e1 | ||
| 650 | 1 |
_aWitches _xFiction. _95806 |
|
| 650 | 1 |
_aGrandmothers _xFiction. _95807 |
|
| 700 | 1 |
_aBlake, Quentin, _eill. _95808 |
|
| 856 | 4 | 2 |
_3Publisher description _uhttp://www.loc.gov/catdir/enhancements/fy0903/84210051-d.html |
| 856 | 4 | 2 |
_3Contributor biographical information _uhttp://www.loc.gov/catdir/enhancements/fy1012/84210051-b.html |
| 906 |
_a7 _bcbc _corignew _d3 _encip _f19 _gy-gencatlg |
||
| 942 |
_2lcc _cBK-KF _kKF |
||
| 999 |
_c8106 _d8106 |
||